| 000 | 00404nam a22001577a 4500 | ||
|---|---|---|---|
| 003 | macl | ||
| 005 | 20150528150115.0 | ||
| 008 | 150528b xxu||||| |||| 00| 0 eng d | ||
| 040 | _cmacl | ||
| 082 | _a330 | ||
| 100 |
_aAlam,Dr. Mahboob _973 |
||
| 245 | _aEntrepreneurship Development Challenges and Opportunities | ||
| 260 |
_aNew Delhi _bOmega Pub. _c2013 |
||
| 650 |
_aEconomics _974 |
||
| 942 |
_2ddc _cBK |
||
| 999 |
_c49750 _d49750 |
||